| 000 | 00669nam a22002890a 4500 | ||
|---|---|---|---|
| 001 | PT19294 | ||
| 003 | AR-LpoUNG | ||
| 005 | 20210131232844.0 | ||
| 008 | 191001s2001||||sp |||||||||||||||||spa d | ||
| 020 |
_a8485498917 _c$7,4 |
||
| 040 |
_aAR-LpoUNG _bspa _cAR-LpoUNG _eaacr |
||
| 041 | _aspa | ||
| 044 | _asp | ||
| 082 | 0 | _aA861 644cla | |
| 100 | 1 | _aBlas, Luis de | |
| 245 | 1 | 0 | _aClaroscuro |
| 250 | _a1§ edición | ||
| 260 |
_aMadrid : _bGrupo Cero, _c2001. |
||
| 300 |
_a67 p. : _bil. |
||
| 650 | 4 | _aESPAÑA | |
| 650 | 4 | _aLITERATURA | |
| 650 | 4 | _aPOESIA | |
| 651 | 4 | _aEspaña | |
| 653 | _aLITERATURA ESPAÑOLA | ||
| 905 | _a19294 | ||
| 942 | _cLIB | ||
| 999 |
_c17832 _d17832 |
||